000 01119nmc a2200325 a 4500
003 AR-BaBNM
005 20251128203653.0
008 065019s1990 ||||||||||||||000 | spa||
020 _a950-02-5740-8
040 _cAR-BaBNM
100 1 _aBloom, Benjamín Samuel
245 1 0 _aTaxonomía de los objetivos de la educación
_bla clasificación de las metas educacionales, manuales I y II
250 _a10ª ed.
260 _aBuenos Aires
_bLibrería El Ateneo Editorial
_c1990
300 0 _a273 p.
_btablas
490 0 _aBiblioteca nuevas orientaciones de la educación. Formación docente
500 0 _aPrólogo a la edición castellana por el Prof. Antonio F. Salonia
500 0 _aTraducción de Marcelo Pérez Rivas
500 0 _aManual I contiene dominio cognoscitivo
500 0 _aManual II contiene dominio afectivo
650 4 _aOBJETIVOS EDUCACIONALES
650 4 _aPLANIFICACION DEL CURRICULO
650 4 _aCURRICULO
650 4 _aPROGRAMACION PEDAGOGICA
650 4 _aDIDACTICA
653 0 _aORGANIZACION CURRICULAR
800 1 _aMárquez, Angel Diego
942 _cBK
998 _cCarmen
999 _c4418
_d4418